[Event "Internet Section 06A g/8'+2\""]
[Site "Dos Hermanas"]
[Date "2004.03.06"]
[Round "1"]
[White "Carreno Martell, Rosendo"]
[Black "Karup, Edin"]
[Result "0-1"]
[WhiteElo "1484"]
[BlackElo "2065"]
[PlyCount "118"]
[EventDate "2004.03.06"]
[EventType "swiss (blitz)"]
[EventRounds "9"]
[EventCountry "ESP"]
[SourceTitle "CBM 099 Extra"]
[Source "ChessBase"]
[SourceDate "2004.05.04"]
[SourceVersion "1"]
[SourceVersionDate "2004.05.04"]
[SourceQuality "1"]

1. d4 f5 2. e3 Nf6 3. Bd3 e6 4. Ne2 d5 5. c4 c6 6. Nbc3 Bd6 7. 0-0 0-0 8. Ng3 Ng4 9. Nce2 Nd7 10. h3 Ngf6 11. cxd5 cxd5 12. Bd2 Ne4 13. Nxe4 fxe4 14. Bb5 Nf6 15. a3 Bd7 16. Bxd7 Qxd7 17. Bb4 Rfc8 18. Bxd6 Qxd6 19. Rc1 Qb6 20. Nf4 Kf7 21. b4 Rc6 22. Nh5 Nxh5 23. Qxh5+ Kg8 24. Rc5 Rxc5 25. dxc5 Qa6 26. Qe5 Rf8 27. g4 Re8 28. Ra1 Qe2 29. Kg2 Qf3+ 30. Kg1 Qf6 31. Qd4 Rf8 32. Rf1 h5 33. Qxf6 gxf6 34. Kg2 hxg4 35. hxg4 Kg7 36. Kg3 Rc8 37. f3 exf3 38. Kxf3 b6 39. Rc1 bxc5 40. bxc5 Kf7 41. Kf4 Ke7 42. g5 fxg5+ 43. Kxg5 Rf8 44. c6 Kd8 45. Kg6 Kc7 46. Rc3 Rd8 47. Kf6 Rd6 48. Ke5 a5 49. a4 Rxc6 50. Rxc6+ Kxc6 51. Kxe6 Kc5 52. Ke5 Kc4 53. Kd6 d4 54. exd4 Kxd4 55. Kc6 Kc4 56. Kb6 Kb4 57. Ka6 Kxa4 58. Kb6 Kb4 59. Ka6 a4 0-1